000 00301nam a2200133Ia 4500
100 _aRichtmyer/F.k/ Cooper/J.N.
250 _a6
942 _cBK
654 _aPhysics
245 _aIntroduction to Modern Physics
260 _bTata McGraw Hill
_aNew Delhi
_c1991
300 _a767
546 _aENGLISH
999 _c26327
_d26327